Countries Bordering Multiple Oceans - Statistics

General Stats
  • This quiz has been taken 25 times
  • The average score is 7 of 7
Answer Stats
Maritime Borders Country % Correct
Atlantic/Pacific Canada
100%
Indian/Pacific Indonesia
100%
Northern/Pacific Russia
100%
Atlantic/Pacific United States
100%
Indian/Pacific Australia
93%
Atlantic/Indian South Africa
93%
Atlantic/Pacific Chile
80%
No matching quizzes found
Score Distribution
Percent of People with Each Score
Percentile by Number Answered
Your Score History
You have not taken this quiz